| 000 | 01487nam0a2200361 4500 | ||
|---|---|---|---|
| 001 | RU\NLR\BIBL_A\012057321 | ||
| 005 | 20190905114752.0 | ||
| 010 |
_a978-5-6042642-5-6 _9200 |
||
| 021 |
_aRU _bКН-П-19-045046 _9КН-П-19-3292 |
||
| 035 | _a(NLR Aleph) 012057321 | ||
| 035 | _a(RuMoRGB)010016033 | ||
| 090 |
_a11683791 _c11683791 |
||
| 100 | _a20190712d2019 u y0rusy50 ca | ||
| 101 | 0 | _arus | |
| 102 | _aRU | ||
| 105 | _ay|||zzzz000zy | ||
| 200 | 1 |
_aУчение о праве кредитора опровергать юридические акты, совершенные должником в его ущерб, в современной юридической литературе _fА. Х. Гольмстен |
|
| 210 |
_aМосква _cИздание книг ком _d2019 |
||
| 215 |
_a258, [3] с. _d21 |
||
| 320 | _aБиблиогр. в подстроч. примеч. | ||
| 333 | _a16+ | ||
| 606 | 1 |
_aБанкротство _xПравовые вопросы _92121967 _3RU\NLR\AUTH\661584942 |
|
| 606 | 1 |
_aКредиторы _xЗащита прав _92141904 _3RU\NLR\AUTH\661595416 |
|
| 610 | 0 | _aсделки должника | |
| 610 | 0 | _aоспаривание сделок | |
| 610 | 0 | _aбанкротство | |
| 686 | 1 | _aХ830.123 | |
| 700 | 1 |
_aГольмстен _bА. Х. _f1848-1920 _gАдольф Христианович |
|
| 942 | _cBOOK | ||
| 980 | _aNBR | ||
| 980 | _aNB | ||